धर्मयुद्ध; (अशोक कालीन एक ऐतिहासिक उपन्यास)/ (Record no. 9695)
[ view plain ]
| 000 -LEADER | |
|---|---|
| fixed length control field | 01323 a2200241 4500 |
| 010 ## - LIBRARY OF CONGRESS CONTROL NUMBER | |
| LC control number | HIN-82122 |
| 020 ## - INTERNATIONAL STANDARD BOOK NUMBER | |
| International Standard Book Number | 9788190483704 |
| Terms of availability | 200.00 |
| 035 ## - SYSTEM CONTROL NUMBER | |
| System control number | HN-54468 |
| 037 ## - SOURCE OF ACQUISITION | |
| Source of stock number/acquisition | पु.प्र.अ.प्र/प्रका |
| 082 14 - DEWEY DECIMAL CLASSIFICATION NUMBER | |
| Classification number | उ |
| 090 ## - LOCALLY ASSIGNED LC-TYPE CALL NUMBER (OCLC); LOCAL CALL NUMBER (OCLC) | |
| -- | 9877 |
| -- | 9877 |
| 100 1# - MAIN ENTRY--PERSONAL NAME | |
| Personal name | मित्तल, महेन्द्र |
| 245 1# - TITLE STATEMENT | |
| Title | धर्मयुद्ध; (अशोक कालीन एक ऐतिहासिक उपन्यास)/ |
| Statement of responsibility, etc | महेन्द्र मित्तल |
| 246 ## - VARYING FORM OF TITLE | |
| Title proper/short title | Dharmyudh |
| Remainder of title | by Mahendra Mittal |
| 260 ## - PUBLICATION, DISTRIBUTION, ETC. (IMPRINT) | |
| Place of publication, distribution, etc | दिल्ली |
| Name of publisher, distributor, etc | ग्लोबल एक्सचंज पब्लिशर्स |
| Date of publication, distribution, etc | 2007 |
| 270 ## - ADDRESS | |
| Address | 1362, कश्मीरी गेट, निकट बॉटा शू. कं. |
| City | दिल्ली |
| Postal code | 110006 |
| 300 ## - PHYSICAL DESCRIPTION | |
| Extent | 176पृ |
| Dimensions | 22 सेमी (सजिल्द) |
| 650 ## - SUBJECT ADDED ENTRY--TOPICAL TERM | |
| Topical term or geographic name as entry element | हिन्दी उपन्यास |
| 650 ## - SUBJECT ADDED ENTRY--TOPICAL TERM | |
| Topical term or geographic name as entry element | Hindi Novel |
| 942 ## - ADDED ENTRY ELEMENTS (KOHA) | |
| Institution code [OBSOLETE] | dpl |
| Koha item type | Hindi Books |
| Call number prefix | उ / मित्तल |
| Withdrawn status | Lost status | Source of classification or shelving scheme | Damaged status | Not for loan | Collection code | Home library | Current library | Date acquired | Cost, normal purchase price | Total Checkouts | Full call number | Barcode | Date last seen | Copy number | Uniform Resource Identifier | Cost, replacement price | Price effective from | Koha item type | Total Renewals | Date checked out |
|---|---|---|---|---|---|---|---|---|---|---|---|---|---|---|---|---|---|---|---|---|
| Dewey Decimal Classification | Fiction | D.B.Act.Division | D.B.Act.Division | 200.00 | उ मित्तल | HN-54468 | 15/09/2008 | 1 | 10690 | 200.00 | 15/09/2008 | Hindi Books | ||||||||
| Dewey Decimal Classification | Fiction | Vinoba Puri | Vinoba Puri | 24/02/2009 | 200.00 | 2 | उ मित्तल | B-317367 | 03/10/2013 | 1 | 200.00 | 24/02/2009 | Hindi Books | 1 | 19/09/2013 |
